Statistics for U.S. States Colonized by the Dutch Republic

Click here to take the quiz!

General Stats

  • This quiz has been taken 77 times
  • The average score is 5 of 6

Answer Stats

Answer% Correct
New York
94%
New Jersey
81%
Connecticut
75%
Pennsylvania
75%
Rhode Island
72%
Delaware
70%

Score Distribution

Percentile by Number Answered

Percent of People with Each Score

Your Score History

You have not taken this quiz